000 00659nam a2200229 a 4500
999 _c1786
_d1786
001 1786
003 BD-JhCC
005 20190506134015.0
008 171024s2014 bg |||| |||| 001 0 ben d
020 _a9847015802066
035 _a(BD-JhCC)1786
040 _aBD-JhCC
_dBD-JhCC
041 _aben
082 _a782.42162
_bSHA 2014
100 _aশরীফ, আহমদ
245 _aবাউলতত্ত্ব /
_cআহমদ শরীফ
260 _aঢাকা :
_bবুকস্ ফেয়ার,
_c২০১৪.
300 _a২২২ পৃ . :
_c২১ সেমি.
650 _aFolk songs
942 _2ddc
_cBK
_01